| 000 | 00482cam a2200205ua 4500 | ||
|---|---|---|---|
| 001 | 7938 | ||
| 008 | 150102n ii |||gr||||Z||||||hin | ||
| 020 | _a9788173157295 | ||
| 040 | _cMAIN | ||
| 041 | _ahin | ||
| 082 | _a920 | ||
| 100 |
_aObama, B., _eAuthor. |
||
| 245 | 1 |
_aAsha ka savera _cBy Barack Obama |
|
| 250 | _a1st. | ||
| 260 |
_aNew Delhi: _bPrabhat, _c2009. |
||
| 300 | _a248p. | ||
| 653 | _aBiography, genealogy & insignia | ||
| 653 | _aHindi biography | ||
| 942 | _cBK | ||
| 999 |
_c7058 _d7058 |
||